Knowledge, attitude and practices study on children with Albinism in Nigeria (Record no. 31781)
[ view plain ]
| 000 -LEADER | |
|---|---|
| fixed length control field | 00472nam a2200157Ia 4500 |
| 020 ## - INTERNATIONAL STANDARD BOOK NUMBER | |
| ISBN | 9291860875 |
| 050 ## - CALL MARK | |
| Classification number | RL 790 .K56/ |
| 245 #0 - TITLE STATEMENT | |
| Title | Knowledge, attitude and practices study on children with Albinism in Nigeria |
| 260 ## - PUBLICATION, DISTRIBUTION, ETC. (IMPRINT) | |
| Place of publication | Lagos |
| 260 ## - PUBLICATION, DISTRIBUTION, ETC. (IMPRINT) | |
| Name of publisher | Polls and Ratings Limited |
| 300 ## - PHYSICAL DESCRIPTION | |
| Number of Pages | 124 p |
| 650 ## - SUBJECT ADDED ENTRY--TOPICAL TERM | |
| Topical Term | Albinos and albinism--Juvenile literature. Albinos and albinism. |
| 942 ## - ADDED ENTRY ELEMENTS (KOHA) | |
| Koha item type | Books |
| Withdrawn status | Lost status | Source of classification or shelving scheme | Damaged status | Not for loan | Permanent Location | Current Location | Date acquired | Accession Number | Price effective from | Koha item type |
|---|---|---|---|---|---|---|---|---|---|---|
| Library of Congress Classification | NILE UNIVERSITY OF NIGERIA - MAIN LIBRARY | NILE UNIVERSITY OF NIGERIA - MAIN LIBRARY | 04/23/2025 | 0194586 | 04/23/2025 | Books |